| 000 | 01535nam a22002297a 4500 | ||
|---|---|---|---|
| 005 | 20260313143852.0 | ||
| 008 | 260304t2026 xxk|||||o|||| 00| 0 eng d | ||
| 041 | _aeng | ||
| 110 | _aRoyal Institution of Chartered Surveyors | ||
| 245 |
_aRICS Red Book Global Standards 2028 and IVS consultation survey _h[Electronic resource] |
||
| 260 |
_aLondon, _bRoyal Institution of Chartered Surveyors, _cFebruary 2026 |
||
| 490 | _aRICS Consultation | ||
| 520 | _aThis survey seeks member views on proposed changes to International Valuation Standards (IVS) (effective 31 January 2028), including the recently issued red-line versions and IVSC consultation questions (please refer to IVS Exposure Draft Consultation (2026)) The survey is intended to complement the IVSC consultation by gathering evidence on matters of particular relevance to RICS members and to inform: RICS’ response to the IVSC consultation; and the development of the next edition of the RICS Red Book Global Standards. Responses will be treated in confidence and may be used in anonymised form. This survey was carried out via surveymonkey This survey closed on 13 March 2026. | ||
| 650 | _aRED BOOK | ||
| 650 | _aVALUATION | ||
| 651 | _aInternational | ||
| 690 |
_aValuation _96273 |
||
| 710 | _aRoyal Institution of Chartered Surveyors | ||
| 856 |
_uhttps://ivsc.org/wp-content/uploads/2026/01/IVS_effective-31-January-2028-Exposure-Draft-Final.pdf _zIVSC Exposure draft |
||
| 856 |
_uhttps://www.surveymonkey.com/r/7PKGSYF _zSurvey |
||
| 942 | _n0 | ||
| 999 |
_c122297 _d122297 |
||